Geografía 7 : el espacio geográfico /

Guardado en:
Autor Principal: Louro, Nilda
Otros Autores: Loray, María Julia
Formato: Libro
Publicado: Buenos Aires : A-z,1997
Series:Ciencias sociales
Materias:
Etiquetas: Agregar Etiqueta
Sin Etiquetas, Sea el primero en etiquetar este registro!
LEADER 01146nam a22003615a 4500
001 CEM.cems017947
005 20121218114103.0
008 130507b######################000#0#####d
003 CEMS
020 |a 9505345054 
082 0 4 |a 910 
100 1 |a Louro, Nilda 
245 1 0 |a Geografía 7 :  |b el espacio geográfico /  |c Nilda Louro y María Julia Loray 
260 |a Buenos Aires :  |b A-z,1997 
300 |a 139 p. 
490 0 |a Ciencias sociales 
500 |a Para 3er. Ciclo Egb 
505 0 |a Espacio geográfico -- El espacio rural -- El espacio urbano -- Los espacios industriales -- La integración del espacio geográfico 
653 |a Espacio geográfico-mapa 
653 |a Escala 
653 |a Mapas 
653 |a Fotos aéreas 
653 |a Imágenes satelitales 
653 |a Espacio rural 
653 |a Espacios forestales 
653 |a Desertización 
653 |a Salinización 
653 |a Contaminación de suelos 
653 |a Espacio urbano 
653 |a Espacios industriales 
653 |a Sistema de transporte 
700 1 |a Loray, María Julia 
859 |a CEMS  |b BIB. CEMS - Agricultura  |h 910  |i L934  |p A1768.12  |t Ej.1  |v 7  |3 7